000 00579nam a2200217Ia 4500
005 20241129105828.0
008 241129s9999||||xx |||||||||||||| ||und||
020 _a81-88912-90-5
037 _aTB
040 _aARTS
_beng
_cARTS
041 _aeng
_2urd
084 _aO168,1N13:g Q6
_qARTS
100 _aGhani Abdul Au.
_9206144
245 0 _aAfkar-e-Jafri
_cGhani Abdul Au.
260 _aDelhi, India
_bBook Corporation
_c2011
300 _a206p.
365 _aINR
_b250
650 _aUrdu Poetry
942 _cTB
_hO168,1N13:g Q6
999 _c1226176
_d1226176